000 00381nam a2200145Ia 4500
008 210210b1967 xxu||||| |||| 00| 0 eng d
082 _a540 NUFC
100 _aNUFFIELD CHEMISTRY
245 _aChemistry:Handbook for teachers.
260 _aLondon
_bNuffield Foundation
_c1967
300 _axii,415,iv
650 _aChemistry Nuffiield
690 _aChemistry
906 _aCC00013
999 _c109036
_d109036